000
00323nam a2200133Ia 4500
008
150201s2008 xx 000 0 und d
082
_a
612.015
_b
M08G
100
_a
GEORING,RICHARD V
245
_a
NIMS'S MEDICAL MICROBIOLOGY
250
_a
4TH
260
_b
ELSEVIER
_a
DELHI
_c
2008
650
_a
MICROBIOLOGY
942
_2
ddc
_c
BK
999
_c
966
_d
966